[Event "Africa zt 4.2 op"]
[Site "Lagos"]
[Date "2025.04.07"]
[Round "8"]
[White "Adu, Oladapo"]
[Black "Ortega Amarelle, Mariano"]
[Result "0-1"]
[WhiteElo "2060"]
[BlackElo "2420"]
[PlyCount "58"]
[EventDate "2025.04.01"]
[EventType "swiss"]
[EventRounds "9"]
[EventCountry "NGR"]
[SourceTitle "CB15_2025"]
[SourceDate "2025.04.09"]
[SourceVersion "1"]
[SourceVersionDate "2025.04.09"]
[SourceQuality "1"]

1. Nf3 c5 2. g3 g6 3. Bg2 Bg7 4. 0-0 Nc6 5. e4 e5 6. d3 Nge7 7. c3 0-0 8. a3 d6 9. b4 a6 10. Be3 b6 11. Nbd2 Be6 12. Rb1 h6 13. Ne1 Qc7 14. c4 f5 15. f4 exf4 16. gxf4 Nd4 17. Bxd4 Bxd4+ 18. Kh1 fxe4 19. dxe4 Rab8 20. Nd3 b5 21. Rc1 Qb6 22. Qf3 Rbc8 23. Bh3 Bxh3 24. Qxh3 Kg7 25. Qe6 Qd8 26. Qh3 cxb4 27. axb4 bxc4 28. Nxc4 d5 29. exd5 Rxc4 0-1

[Event "Africa zt 4.2 op"]
[Site "Lagos"]
[Date "2025.04.04"]
[Round "5"]
[White "Eyetonghan, Denyefa Callistus"]
[Black "Adu, Oladapo"]
[Result "1-0"]
[WhiteElo "2238"]
[BlackElo "2060"]
[PlyCount "67"]
[EventDate "2025.04.01"]
[EventType "swiss"]
[EventRounds "9"]
[EventCountry "NGR"]
[SourceTitle "CB15_2025"]
[SourceDate "2025.04.09"]
[SourceVersion "1"]
[SourceVersionDate "2025.04.09"]
[SourceQuality "1"]

1. d4 Nf6 2. c4 g6 3. Nf3 Bg7 4. g3 0-0 5. Bg2 d6 6. 0-0 Nc6 7. d5 Na5 8. Nbd2 c5 9. e4 Bg4 10. Rb1 e5 11. dxe6 fxe6 12. h3 Bxf3 13. Bxf3 Nc6 14. Bg2 Qc7 15. Nf3 Nd7 16. Ng5 Rae8 17. f4 Nd4 18. Be3 h6 19. Nf3 Nxf3+ 20. Bxf3 Nb8 21. Qd3 Nc6 22. e5 dxe5 23. Qxg6 exf4 24. Be4 Rf7 25. Bxf4 Qd8 26. Bd6 Rf5 27. Rxf5 exf5 28. Bxf5 Ne5 29. Qh7+ Kf7 30. Bxe5 Rxe5 31. Bg6+ Kf6 32. Rf1+ Kg5 33. h4+ Kg4 34. Bf5+ 1-0

[Event "Titled Tuesday intern op 25th Mar Early"]
[Site "Chess.com INT"]
[Date "2025.03.25"]
[Round "3"]
[White "Bahmani, Koorosh"]
[Black "Adu, Oladapo"]
[Result "0-1"]
[WhiteElo "2208"]
[BlackElo "2060"]
[PlyCount "106"]
[EventDate "2025.03.25"]
[EventType "swiss (blitz)"]
[EventRounds "11"]
[EventCountry "USA"]
[SourceTitle "CB14_2025"]
[SourceDate "2024.11.01"]
[SourceVersion "1"]
[SourceVersionDate "2024.11.01"]
[SourceQuality "1"]

1. Nf3 d5 2. g3 c6 3. c4 Nf6 4. Bg2 Bf5 5. Qb3 Qb6 6. d3 e6 7. Be3 Qc7 8. 0-0 Nbd7 9. Na3 Bc5 10. Bxc5 Nxc5 11. Qc3 Qb6 12. b4 Ncd7 13. Nc2 0-0 14. c5 Qc7 15. Ne3 Bg6 16. d4 Ne4 17. Qb2 h6 18. Ng4 Bh7 19. Nge5 f6 20. Nd3 Rae8 21. Nd2 e5 22. Nf3 Nxg3 23. hxg3 e4 24. Nf4 exf3 25. Bxf3 Be4 26. Qc3 Rf7 27. Bh5 g5 28. Bxf7+ Kxf7 29. Ng2 Nf8 30. Rae1 Qd7 31. f3 Bf5 32. g4 Bg6 33. e4 dxe4 34. fxe4 Qxg4 35. d5 Nd7 36. dxc6 bxc6 37. Rf2 Bxe4 38. Ref1 f5 39. b5 Nf6 40. bxc6 Bxc6 41. Qa5 Re7 42. Qa6 Be4 43. Qc4+ Kg6 44. c6 f4 45. c7 Bf5 46. Qc5 Kf7 47. Qc6 Ne4 48. Qc4+ Kg7 49. Qd4+ Kh7 50. Rc2 Ng3 51. Rcf2 Qh3 52. Rf3 Qh1+ 53. Kf2 Re2# 0-1

[Event "Titled Tuesday intern op 11th Mar Early"]
[Site "Chess.com INT"]
[Date "2025.03.11"]
[Round "6"]
[White "Adu, Oladapo"]
[Black "Lauda, Alexandr"]
[Result "0-1"]
[WhiteElo "2060"]
[BlackElo "2255"]
[PlyCount "88"]
[EventDate "2025.03.11"]
[EventType "swiss (blitz)"]
[EventRounds "11"]
[EventCountry "USA"]
[SourceTitle "CB12_2025"]
[SourceDate "2025.03.19"]
[SourceVersion "1"]
[SourceVersionDate "2025.03.19"]
[SourceQuality "1"]

1. e4 c5 2. Nf3 Nc6 3. d4 cxd4 4. Nxd4 e5 5. Nb5 d6 6. N1c3 a6 7. Na3 b5 8. Nd5 Nge7 9. Bg5 f6 10. Bxf6 gxf6 11. Nxf6+ Kf7 12. Nd5 Be6 13. Qh5+ Ng6 14. 0-0-0 Qh4 15. Qe2 Nd4 16. Qe1 Bh6+ 17. Kb1 Bxd5 18. exd5 Rac8 19. c3 Nf5 20. g3 Qf6 21. Bh3 Rc7 22. Qe4 Nge7 23. Rhf1 Qg6 24. Ka1 Rf8 25. Rde1 Kg8 26. f4 exf4 27. gxf4 Bg7 28. Rg1 Qf6 29. Rg5 Kh8 30. Nb1 a5 31. a3 b4 32. Rc1 bxc3 33. Nxc3 Nd4 34. Rh5 Nb3+ 35. Ka2 Nxc1+ 36. Kb1 Ng6 37. Bf5 Rxc3 38. Bxg6 Rh3 39. Kxc1 Qxb2+ 40. Kd1 Rxh5 41. Bxh5 Rc8 42. Ke1 Rc1+ 43. Bd1 Bc3+ 44. Kf1 Rxd1+ 0-1

[Event "Titled Tuesday intern op 11th Feb Early"]
[Site "Chess.com INT"]
[Date "2025.02.11"]
[Round "7"]
[White "Adu, Oladapo"]
[Black "Hehir, Michael"]
[Result "1-0"]
[WhiteElo "2076"]
[BlackElo "2009"]
[PlyCount "65"]
[EventDate "2025.02.11"]
[EventType "swiss (blitz)"]
[EventRounds "11"]
[EventCountry "USA"]
[SourceTitle "CB09_2025"]
[SourceDate "2025.02.27"]
[SourceVersion "1"]
[SourceVersionDate "2025.02.27"]
[SourceQuality "1"]

1. e4 d6 2. d4 Nf6 3. Nc3 Nbd7 4. Be3 e5 5. f3 c6 6. Qd2 Be7 7. 0-0-0 Qa5 8. Kb1 b5 9. g4 h6 10. h4 Bb7 11. Nh3 0-0-0 12. Bd3 exd4 13. Bxd4 Ne5 14. Qf2 Nxd3 15. cxd3 c5 16. Be3 b4 17. Ne2 Ba6 18. Nc1 d5 19. Nf4 d4 20. Bd2 Qc7 21. g5 hxg5 22. hxg5 Rxh1 23. Rxh1 Ne8 24. Nd5 Qd7 25. Bf4 Bb7 26. Nxe7+ Qxe7 27. Nb3 Ba6 28. Qd2 Nc7 29. Bxc7 Kxc7 30. Nxc5 Bb5 31. Qxb4 Bc6 32. Rc1 Rb8 33. Na6+ 1-0

[Event "Titled Tuesday intern op 11th Feb Early"]
[Site "Chess.com INT"]
[Date "2025.02.11"]
[Round "1"]
[White "Ishvi, Aggarwal"]
[Black "Adu, Oladapo"]
[Result "0-1"]
[WhiteElo "1954"]
[BlackElo "2076"]
[PlyCount "76"]
[EventDate "2025.02.11"]
[EventType "swiss (blitz)"]
[EventRounds "11"]
[EventCountry "USA"]
[SourceTitle "CB08_2025"]
[SourceDate "2025.02.19"]
[SourceVersion "1"]
[SourceVersionDate "2025.02.19"]
[SourceQuality "1"]

1. c4 c6 2. d4 d5 3. Nf3 Nf6 4. g3 a6 5. Bg2 dxc4 6. Ne5 e6 7. Nxc4 Bb4+ 8. Nc3 0-0 9. 0-0 Nd5 10. Qb3 Qe7 11. e4 Nf6 12. a3 Bxc3 13. bxc3 b5 14. Nb6 Ra7 15. a4 Qc7 16. Nxc8 Qxc8 17. axb5 cxb5 18. Ba3 Re8 19. Bc5 Rc7 20. Rfc1 Nfd7 21. Bd6 Rc6 22. e5 Rc4 23. Ra2 h6 24. Rac2 Nb6 25. Bf1 Ra4 26. Bd3 Nc4 27. Bb4 Nc6 28. Bc5 N6a5 29. Qb1 Qc6 30. Re2 Na3 31. Be4 Qd7 32. Qc2 Nxc2 33. Bxc2 Rc4 34. Bd3 Rxc5 35. dxc5 Qxd3 36. Re3 Qc4 37. Rd1 Qxc5 38. Rd7 Nc6 0-1

[Event "Titled Tuesday intern op 04th Feb Early"]
[Site "Chess.com INT"]
[Date "2025.02.04"]
[Round "7"]
[White "Askarov, Bakhtiyar"]
[Black "Adu, Oladapo"]
[Result "1-0"]
[WhiteElo "2314"]
[BlackElo "2076"]
[PlyCount "123"]
[EventDate "2025.02.04"]
[EventType "swiss (blitz)"]
[EventRounds "11"]
[EventCountry "USA"]
[SourceTitle "CB07_2025"]
[SourceDate "2025.02.12"]
[SourceVersion "1"]
[SourceVersionDate "2025.02.12"]
[SourceQuality "1"]

1. b4 b6 2. Bb2 Bb7 3. Nf3 Nf6 4. e3 e6 5. b5 Be7 6. Be2 0-0 7. 0-0 d5 8. d4 c6 9. a4 c5 10. dxc5 bxc5 11. a5 a6 12. b6 Nc6 13. c4 Rc8 14. Nbd2 d4 15. Nb3 e5 16. Ne1 Bd6 17. Qb1 Qe7 18. e4 Nb4 19. f3 Nh5 20. Nd3 Nxd3 21. Bxd3 Nf4 22. g3 Nh3+ 23. Kg2 Qd7 24. Bc1 g6 25. Bh6 Rfe8 26. Nc1 Be7 27. Bc2 Qe6 28. Ba4 Red8 29. g4 Nf4+ 30. Bxf4 exf4 31. Qd3 Bd6 32. Ne2 Be5 33. h4 Qf6 34. Rh1 Kh8 35. h5 Qg5 36. hxg6 fxg6 37. Rh3 Kg7 38. Rah1 Rh8 39. Kf1 Rcd8 40. Nc1 h5 41. gxh5 Rxh5 42. Rxh5 gxh5 43. Rg1 Qg3 44. Rxg3+ fxg3 45. Ne2 h4 46. f4 Rf8 47. Qf3 d3 48. Qxd3 Bxf4 49. Nxf4 Rxf4+ 50. Kg1 Bxe4 51. Qd7+ Kg6 52. Qd6+ Kg5 53. Bc6 h3 54. Qxf4+ Kxf4 55. Bxe4 h2+ 56. Kg2 Kxe4 57. b7 h1Q+ 58. Kxh1 Kf3 59. Kg1 Ke4 60. b8Q Kd4 61. Qb6 Kxc4 62. Qxa6+ 1-0

[Event "Titled Tuesday intern op 04th Feb Early"]
[Site "Chess.com INT"]
[Date "2025.02.04"]
[Round "6"]
[White "Kozganbay, Erkin"]
[Black "Adu, Oladapo"]
[Result "1-0"]
[WhiteElo "2260"]
[BlackElo "2076"]
[PlyCount "115"]
[EventDate "2025.02.04"]
[EventType "swiss (blitz)"]
[EventRounds "11"]
[EventCountry "USA"]
[SourceTitle "CB07_2025"]
[SourceDate "2025.02.12"]
[SourceVersion "1"]
[SourceVersionDate "2025.02.12"]
[SourceQuality "1"]

1. d4 d5 2. c4 c6 3. cxd5 cxd5 4. Nc3 Nf6 5. Bf4 Nc6 6. e3 a6 7. Bd3 e6 8. h3 Bd6 9. Bxd6 Qxd6 10. Nf3 0-0 11. 0-0 e5 12. Nxe5 Nxe5 13. dxe5 Qxe5 14. Rc1 Rd8 15. b4 d4 16. Ne2 Bxh3 17. Nxd4 Qg5 18. Qf3 Bg4 19. Qxb7 Rab8 20. Qc7 Rdc8 21. Qd6 Rd8 22. Qg3 Nh5 23. Qh2 Rxb4 24. Nc6 Rxd3 25. Nxb4 Rd8 26. Nc6 Re8 27. Nd4 g6 28. Rc6 Qa5 29. Qh4 Bd7 30. Rd6 Bc8 31. Rc1 Ng7 32. Qf6 Ne6 33. Nxe6 Bxe6 34. Rcd1 Bc4 35. Rd8 Bb5 36. Rxe8+ Bxe8 37. Rd8 Kf8 38. Qh8+ Ke7 39. Qxe8+ Kf6 40. Rd6+ Kg7 41. Rd4 Qe1+ 42. Kh2 Qxf2 43. Qe5+ Kh6 44. Qf4+ Qxf4+ 45. exf4 Kh5 46. Ra4 Kg4 47. Rxa6 Kxf4 48. Rb6 f5 49. a4 g5 50. a5 h5 51. a6 h4 52. a7 g4 53. a8Q g3+ 54. Kh3 Ke3 55. Qe8+ Kf2 56. Rb2+ Kg1 57. Qe3+ Kh1 58. Qc1# 1-0

[Event "Titled Tuesday intern op 28th Jan Early"]
[Site "Chess.com INT"]
[Date "2025.01.28"]
[Round "2"]
[White "Adu, Oladapo"]
[Black "Harsh, Suresh"]
[Result "0-1"]
[WhiteElo "2060"]
[BlackElo "2414"]
[PlyCount "52"]
[EventDate "2025.01.28"]
[EventType "swiss (blitz)"]
[EventRounds "11"]
[EventCountry "USA"]
[SourceTitle "CB06_2025"]
[SourceDate "2025.02.05"]
[SourceVersion "1"]
[SourceVersionDate "2025.02.05"]
[SourceQuality "1"]

1. e4 g6 2. d4 Nf6 3. Nc3 d5 4. exd5 Nxd5 5. Bc4 Nxc3 6. bxc3 Bg7 7. Be3 c5 8. Ne2 cxd4 9. cxd4 0-0 10. 0-0 Nc6 11. c3 b6 12. Nf4 Bb7 13. Nd3 Rc8 14. Bb5 Na5 15. Nf4 Rxc3 16. Be2 Nc4 17. Bf3 Bxf3 18. Qxf3 Nd2 19. Qd1 Nxf1 20. Qxf1 Qd6 21. h4 Rfc8 22. Rd1 Rc2 23. Qa6 e5 24. Ne2 exd4 25. Nxd4 R2c4 26. g3 R8c7 0-1

[Event "Titled Tuesday intern op 14th Jan Early"]
[Site "Chess.com INT"]
[Date "2025.01.14"]
[Round "1"]
[White "Do Carmo, Gabriel Carckeno"]
[Black "Adu, Oladapo"]
[Result "0-1"]
[WhiteElo "2008"]
[BlackElo "2060"]
[PlyCount "62"]
[EventDate "2025.01.14"]
[EventType "swiss (blitz)"]
[EventRounds "11"]
[EventCountry "USA"]
[SourceTitle "CB04_2025"]
[SourceDate "2025.01.22"]
[SourceVersion "1"]
[SourceVersionDate "2025.01.22"]
[SourceQuality "1"]

1. c4 c6 2. Nf3 d5 3. e3 Nf6 4. b3 a6 5. Bb2 Bg4 6. Be2 e6 7. Nc3 Nbd7 8. h3 Bh5 9. Rc1 Bb4 10. 0-0 0-0 11. a3 Bd6 12. d4 Qe7 13. b4 Rae8 14. Qc2 dxc4 15. e4 Bxf3 16. Bxf3 e5 17. Ne2 b5 18. Ng3 g6 19. Rcd1 Rd8 20. Bc1 exd4 21. Rxd4 c5 22. Rxd6 Qxd6 23. Bh6 Rfe8 24. Rd1 Qe7 25. Qc1 cxb4 26. Nf5 Qe5 27. Qg5 Nxe4 28. Bxe4 Qxe4 29. Rxd7 Rxd7 30. Qf6 Qe1+ 31. Kh2 Qe5+ 0-1

[Event "Titled Tuesday intern op 09th Jul Early"]
[Site "Chess.com INT"]
[Date "2024.07.09"]
[Round "8"]
[White "Adu, Oladapo"]
[Black "Srihari, Lakshmi"]
[Result "0-1"]
[WhiteElo "2063"]
[BlackElo "2384"]
[PlyCount "52"]
[EventDate "2024.07.09"]
[EventType "swiss (blitz)"]
[EventRounds "11"]
[EventCountry "USA"]
[SourceTitle "EXT 2025"]
[Source "ChessBase"]
[SourceDate "2024.10.14"]
[SourceVersion "1"]
[SourceVersionDate "2024.10.14"]
[SourceQuality "1"]

1. e4 c5 2. Nf3 d6 3. d4 cxd4 4. Qxd4 Nc6 5. Bb5 Bd7 6. Bxc6 Bxc6 7. Nc3 Nf6 8. Bg5 e6 9. 0-0-0 Be7 10. Qd3 0-0 11. Nd4 Qa5 12. f4 Rfc8 13. h4 Be8 14. Kb1 b5 15. Nb3 Qc7 16. Rd2 a5 17. Nxb5 Bxb5 18. Qxb5 Nxe4 19. Re2 Ng3 20. Bxe7 Qxe7 21. Rhe1 Nxe2 22. Rxe2 a4 23. Nd4 a3 24. b3 Qf6 25. Qd3 Qxf4 26. c3 Qf1+ 0-1

[Event "Titled Tuesday intern op 09th Jul Early"]
[Site "Chess.com INT"]
[Date "2024.07.09"]
[Round "2"]
[White "Adu, Oladapo"]
[Black "Volkov, Maksim"]
[Result "1-0"]
[WhiteElo "2063"]
[BlackElo "2333"]
[PlyCount "153"]
[EventDate "2024.07.09"]
[EventType "swiss (blitz)"]
[EventRounds "11"]
[EventCountry "USA"]
[SourceTitle "EXT 2025"]
[Source "ChessBase"]
[SourceDate "2024.10.14"]
[SourceVersion "1"]
[SourceVersionDate "2024.10.14"]
[SourceQuality "1"]

1. e4 e6 2. d3 d5 3. Nd2 Nf6 4. g3 c5 5. Bg2 Nc6 6. Ngf3 g6 7. 0-0 Bg7 8. Re1 0-0 9. c3 a5 10. a4 b6 11. Qb3 Ba6 12. Bf1 Qc7 13. Qc2 Rad8 14. Be2 Rfe8 15. Nf1 e5 16. N1d2 Ne7 17. exd5 Nexd5 18. Nc4 e4 19. dxe4 Rxe4 20. Bg5 Bxc4 21. Bxc4 Rxc4 22. Bxf6 Nxf6 23. b3 Rg4 24. h3 Re4 25. Rxe4 Nxe4 26. Qxe4 Bxc3 27. Rc1 Bf6 28. Kg2 Kg7 29. Rc2 h5 30. h4 Qe7 31. Qxe7 Bxe7 32. Rd2 Rc8 33. Ne5 Bf6 34. Nc4 Bd4 35. Rd3 Rb8 36. Kf3 Kf6 37. Rd2 Ke6 38. Re2+ Kf6 39. Nd6 Rd8 40. Nc4 Ba1 41. Nxb6 Rd3+ 42. Re3 Rd2 43. Nc4 Rc2 44. Nxa5 Bd4 45. Re2 Rc3+ 46. Kg2 Kf5 47. f3 Kf6 48. Rd2 Rc1 49. Nc6 Bc3 50. Rd6+ Kg7 51. Rd5 Be1 52. Ne5 Rc2+ 53. Kh3 Rc3 54. Rd7 Kf6 55. Nd3 Bd2 56. Nxc5 Rxc5 57. Rxd2 Rc3 58. Rb2 Rxf3 59. b4 Ra3 60. a5 Ra4 61. Kg2 Ke5 62. Kf3 Kd4 63. Kf4 f6 64. Rb1 Kd5 65. Rd1+ Kc6 66. Rc1+ Kd6 67. Rc4 Kd5 68. Rc5+ Kd4 69. Rb5 Kc4 70. Rb6 Ra3 71. a6 g5+ 72. hxg5 fxg5+ 73. Kxg5 Rxg3+ 74. Kxh5 Ra3 75. b5 Kc5 76. Rb7 Rg3 77. a7 1-0

[Event "Titled Tuesday intern op 09th Jul Early"]
[Site "Chess.com INT"]
[Date "2024.07.09"]
[Round "3"]
[White "Arutinian, David"]
[Black "Adu, Oladapo"]
[Result "1-0"]
[WhiteElo "2549"]
[BlackElo "2063"]
[PlyCount "69"]
[EventDate "2024.07.09"]
[EventType "swiss (blitz)"]
[EventRounds "11"]
[EventCountry "USA"]
[SourceTitle "EXT 2025"]
[Source "ChessBase"]
[SourceDate "2024.10.14"]
[SourceVersion "1"]
[SourceVersionDate "2024.10.14"]
[SourceQuality "1"]

1. Nf3 d5 2. e3 c6 3. c4 Nf6 4. Nc3 a6 5. d4 Bf5 6. Bd3 Bxd3 7. Qxd3 e6 8. 0-0 Nbd7 9. e4 dxe4 10. Nxe4 Nxe4 11. Qxe4 Nf6 12. Qe2 Be7 13. Rd1 0-0 14. b3 Qc7 15. Bb2 Rfd8 16. Rd3 Rd7 17. Rad1 b5 18. Ne5 Rdd8 19. Qf3 Rac8 20. h4 bxc4 21. bxc4 Bd6 22. h5 h6 23. Bc3 c5 24. Ng4 Nh7 25. d5 Ng5 26. Qe2 exd5 27. Rxd5 Bf8 28. Be5 Qa5 29. Qc2 Rxd5 30. cxd5 Qb4 31. Qf5 Qa4 32. Rb1 Rd8 33. d6 Qd7 34. Nf6+ gxf6 35. Qxf6 1-0

[Event "Titled Tuesday intern op 09th Jul Early"]
[Site "Chess.com INT"]
[Date "2024.07.09"]
[Round "5"]
[White "Ratkovic, Miloje"]
[Black "Adu, Oladapo"]
[Result "1/2-1/2"]
[WhiteElo "2489"]
[BlackElo "2063"]
[PlyCount "133"]
[EventDate "2024.07.09"]
[EventType "swiss (blitz)"]
[EventRounds "11"]
[EventCountry "USA"]
[SourceTitle "EXT 2025"]
[Source "ChessBase"]
[SourceDate "2024.10.14"]
[SourceVersion "1"]
[SourceVersionDate "2024.10.14"]
[SourceQuality "1"]

1. e4 c5 2. Nf3 e6 3. b3 Nc6 4. Bb2 Nf6 5. Nc3 a6 6. d4 cxd4 7. Nxd4 Bb4 8. Nxc6 bxc6 9. a3 Be7 10. e5 Nd5 11. Ne4 f5 12. exf6 Nxf6 13. Nd6+ Bxd6 14. Qxd6 Qa5+ 15. b4 Qd5 16. Qg3 Qe4+ 17. Be2 0-0 18. Qd3 Qxg2 19. 0-0-0 d5 20. Rhg1 Qxh2 21. Rg3 Ra7 22. Rdg1 Rff7 23. Kb1 Qh4 24. Rh3 Qe4 25. Qd2 e5 26. Bd3 Qf4 27. Qxf4 exf4 28. Rh4 Ne4 29. f3 Nd2+ 30. Kc1 Nxf3 31. Bxh7+ Kf8 32. Rhh1 Nxg1 33. Rxg1 Rae7 34. Bd4 Ke8 35. Bg6 Bf5 36. Bxf7+ Rxf7 37. Rxg7 Rxg7 38. Bxg7 Be4 39. Be5 f3 40. Bd4 Kd7 41. a4 Ke6 42. a5 Kf5 43. Kd2 Kf4 44. c3 Kg3 45. Ke1 Kg2 46. Bf2 Bd3 47. Be3 Bc4 48. Bf2 Bb5 49. Be3 Kg3 50. Bf2+ Kf4 51. Bd4 Ke4 52. Kf2 Be2 53. Bc5 Kd3 54. Bd4 Kc4 55. Bf6 c5 56. bxc5 Kxc5 57. Bd4+ Kb5 58. Bb6 Kc4 59. Bd4 Kb5 60. Bb6 Kc4 61. Bd4 Bd1 62. Ke3 Be2 63. Be5 Kb5 64. Bc7 Kc4 65. Be5 Bd1 66. Bd4 Be2 67. Be5 1/2-1/2

[Event "Dulles Cherry Blossom op 11th"]
[Site "Dulles"]
[Date "2024.05.27"]
[Round "9"]
[White "Adu, Oladapo"]
[Black "Jing, Andrew"]
[Result "1/2-1/2"]
[WhiteElo "2077"]
[BlackElo "2031"]
[PlyCount "102"]
[EventDate "2024.05.22"]
[EventType "swiss"]
[EventRounds "9"]
[EventCountry "USA"]
[SourceTitle "CBM 220 Extra"]
[Source "ChessBase"]
[SourceDate "2024.07.31"]
[SourceVersion "1"]
[SourceVersionDate "2024.07.31"]
[SourceQuality "1"]

1. Nf3 Nf6 2. g3 g6 3. Bg2 Bg7 4. 0-0 0-0 5. d3 d6 6. e4 c5 7. Re1 Nc6 8. c3 Bg4 9. h3 Bxf3 10. Qxf3 Rb8 11. Qe2 e5 12. a4 Re8 13. Bg5 a6 14. Nd2 h6 15. Bxf6 Bxf6 16. Nc4 b5 17. axb5 axb5 18. Ne3 Bg7 19. Qc2 h5 20. Ra6 Ne7 21. Qb3 Rb6 22. Ra7 Bh6 23. Nd5 Nxd5 24. Qxd5 Qf6 25. h4 b4 26. c4 Qe6 27. Qxe6 Rxe6 28. Bh3 Re8 29. Rea1 Reb8 30. Rd7 R8b7 31. Rd8+ Kg7 32. Rda8 b3 33. Kf1 Kf6 34. Ke2 Ke7 35. Bc8 Rb8 36. R8a7+ Kf6 37. Ba6 g5 38. hxg5+ Bxg5 39. Bb5 h4 40. f4 exf4 41. gxf4 Bxf4 42. Rf1 Kg5 43. Rxf7 Be5 44. Kf3 R6b7 45. Rg1+ Bg3 46. Rf5+ Kg6 47. Kg4 Rg7 48. Bc6 Kh6+ 49. Kh3 Be5 50. Rxg7 Kxg7 51. Rf2 Rf8 1/2-1/2

[Event "Dulles Cherry Blossom op 11th"]
[Site "Dulles"]
[Date "2024.05.25"]
[Round "5"]
[White "Wang, Kevin2"]
[Black "Adu, Oladapo"]
[Result "1/2-1/2"]
[WhiteElo "1933"]
[BlackElo "2077"]
[PlyCount "202"]
[EventDate "2024.05.22"]
[EventType "swiss"]
[EventRounds "9"]
[EventCountry "USA"]
[SourceTitle "CBM 220 Extra"]
[Source "ChessBase"]
[SourceDate "2024.07.31"]
[SourceVersion "1"]
[SourceVersionDate "2024.07.31"]
[SourceQuality "1"]

1. e4 c5 2. Nf3 e6 3. d4 cxd4 4. Nxd4 a6 5. Nc3 b5 6. Bd3 Bb7 7. 0-0 Nc6 8. Nxc6 Bxc6 9. Re1 Qb8 10. a4 b4 11. Ne2 Bd6 12. h3 Ne7 13. Nd4 Bb7 14. b3 Be5 15. Bb2 Ng6 16. Qd2 Bc8 17. Rad1 Bf4 18. Qe2 Be5 19. Qd2 0-0 20. Bf1 Qb6 21. c3 bxc3 22. Bxc3 Rb8 23. Bc4 Bf4 24. Qb2 Ne5 25. Bf1 Bh6 26. Kh1 d6 27. b4 Bd7 28. b5 axb5 29. Nxb5 Bxb5 30. Bxb5 Rfc8 31. Rxd6 Qxd6 32. Bxe5 Qb6 33. Bxb8 Rxb8 34. Rd1 g6 35. Qd4 Qa5 36. Qd6 Qa7 37. Qd4 Qa5 38. Qe5 Rc8 39. Qd6 Bg5 40. Qg3 Bd2 41. Qf3 Qb4 42. Qd3 Bg5 43. Qg3 Bf6 44. Qf3 Kg7 45. Qe3 Rc3 46. Qe1 Bd4 47. Rd3 Qc5 48. Rxc3 Bxc3 49. Qe2 Bd4 50. Kg1 Qc1+ 51. Qf1 Qc7 52. Qc4 Qb6 53. Qc2 h5 54. h4 Qd6 55. Qd3 Qc5 56. Qf3 Qc1+ 57. Bf1 Qa1 58. Qb3 Qe1 59. Qf3 Qd2 60. g3 Qa2 61. Bb5 Kf8 62. Qe2 Qa3 63. Qd3 Qc5 64. Qe2 Ke7 65. Kg2 Qb6 66. Qc2 Kf6 67. Qd3 Ke7 68. Qd2 Kf6 69. Qf4+ Kg7 70. e5 Bc3 71. Qf6+ Kg8 72. Qe7 Be1 73. Qf6 Qc7 74. Bd3 Bc3 75. Bxg6 Qc6+ 76. Kh2 fxg6 77. Qxg6+ Kf8 78. Qxh5 Ke7 79. Qg5+ Kd7 80. Qg7+ Kc8 81. Qf8+ Kb7 82. Qe7+ Ka8 83. Qf7 Bxe5 84. h5 Qxa4 85. Qxe6 Qh4+ 86. Qh3 Qf6 87. Qc8+ Ka7 88. Qc5+ Kb7 89. Kg2 Bd4 90. Qd5+ Kc7 91. Qf3 Qe6 92. Qf4+ Be5 93. Qe4 Kd6 94. f4 Qa2+ 95. Kf3 Qb3+ 96. Kg4 Bf6 97. h6 Qg8+ 98. Kf3 Qb3+ 99. Kg4 Qg8+ 100. Kf3 Qb3+ 101. Kg2 Qd1 1/2-1/2